| 000 | 00507nam a22001577a 4500 | ||
|---|---|---|---|
| 008 | 131011b xxu||||| |||| 00| 0 ger d | ||
| 020 | _a1565551842 | ||
| 041 | 0 | _ager | |
| 080 | _a168.521 | ||
| 245 | 1 | 0 |
_aGedanken zur Zeit / _cedit. Rimane, Rainer |
| 260 |
_aBelgium : _bSCS-Europe BVBA ; _c2000. |
||
| 300 |
_a249 f. : _bme il. ; _c24 cm. |
||
| 500 | _aVorwort f. : III-VI | ||
| 650 | 0 | _aShkencat shoqërore | |
| 942 |
_2udc _cBK |
||
| 999 |
_c104 _d104 |
||